Plan algodonero para 1972

Salvato in:
Dettagli Bibliografici
Ente Autore: Costa Rica. Ministerio de Agricultura y Ganadería. Consejo Agropecuario Nacional
Natura: testo
Pubblicazione: San José: El Consejo
Soggetti:
Tags: Aggiungi Tag
Nessun Tag, puoi essere il primo ad aggiungerne!!

MARC

LEADER 00000 a a2200000 04500
001 15323
003
040
090 |a 026100  
110 |a Costa Rica. Ministerio de Agricultura y Ganadería. Consejo Agropecuario Nacional  
245 |a Plan algodonero para 1972  
260 |a San José:   |b El Consejo  
300 |a 31 p.  
500 |a Aprobado por el CAN, artículo 8, acta n° 20, marzo 22 de 1972  
650 |a ALGODON  
999 |c 3168  |d 3168